| 000 | 00816nam a2200181 i 4500 | ||
|---|---|---|---|
| 001 | 98410 | ||
| 003 | ES-MaACL | ||
| 005 | 20230906182259.0 | ||
| 007 | t| | ||
| 008 | 050823s1883 it ||||1| fre d | ||
| 245 | 0 | 0 | _aCompte-rendu des séances de la Comissión Internationale de Nomenclature Géologique et du Comité de la Carte Géologique de l'Europe tenues á Zurich en Août 1883. |
| 260 |
_aBologne : _b[s.n.], _c1883 ( _fImpr. Fava et Garagnani) |
||
| 300 |
_a48 p. ; _c23 cm. |
||
| 650 | 4 |
_aGeología- _vNomenclatores. _9157295 |
|
| 710 | 0 |
_aCommission Internationale de Nomenclature Géologique. _93069 |
|
| 710 | 2 |
_aComité de la Carte Géologique de l'Europe. _93076 |
|
| 852 |
_aES-MaACL _jT-900-F-3 _z.- Legado de Federico de Botella y de Hornos _z.- Enc. en un vol. facticio conservando la cub. original |
||
| 999 |
_c98410 _d98410 |
||